Loading...
| History - European | 0 | 4 | 0 | 0 | 40 | 101 | 113.75 | 0 | 1 | 0.00 | 0.00 |
| Other | 0 | 3 | 0 | 0 | 30 | 28 | 55.33 | 1 | 3 | 0.00 | 0.00 |
| History - American | 0 | 3 | 1 | 0 | 25 | 62 | 95.33 | 0 | 2 | 0.00 | 0.00 |
| Literature - American | 0 | 2 | 0 | 1 | 20 | 130 | 134.50 | 0 | 0 | 0.00 | 0.00 |
| Religion | 0 | 2 | 0 | 0 | 20 | 109 | 109.50 | 0 | 1 | 0.00 | 0.00 |
| History - Other | 0 | 2 | 0 | 1 | 20 | 93 | 116.00 | 0 | 1 | 0.00 | 0.00 |
| History - World | 0 | 2 | 0 | 0 | 20 | 55 | 74.00 | 0 | 2 | 0.00 | 0.00 |
| Literature - European | 0 | 1 | 0 | 1 | 10 | 139 | 139.00 | 0 | 0 | 0.00 | 0.00 |
| Philosophy | 0 | 1 | 0 | 0 | 10 | 79 | 79.00 | 0 | 0 | 0.00 | 0.00 |
| Fine Arts - Other | 0 | 1 | 0 | 0 | 10 | 131 | 131.00 | 0 | 0 | 0.00 | 0.00 |
| Mythology | 0 | 0 | 1 | 0 | -5 | 0.00 | 0 | 0 | 0.00 | 0.00 |